000 00836nam a22002417a 4500
005 20170124110044.0
010 _aA-947559
020 _c00.00
_a8125015825
035 _aA-947559
037 _bCen Lib/Ret
040 _aDPL
_bEN
082 _a791.13
_bGOK
100 _aGokulsing, K. Moti
_924303
245 _aIndian popular cinema :
_cby K Moti Gokulsing and Wimal Dissanayake
_ba narrative of cultural change /
260 _aNew Delhi
_bOrient Longman
_c1998
270 _a1/24 Asaf Ali Road
_bNew Delhi
_e110002
300 _avii,151p. :
_c25cm(Hb)
_bill.
500 _aIncludes bibliographical references and index
650 _aMotion pictures -- India
_924304
650 _aMotion pictures -- Social aspects -- India
_924305
700 _aDissanayake, Wimal
_924306
942 _2ddc
_cEN
_h791.13
_mGOK
999 _c128748
_d128748